000 00390nam a22001697a 4500
005 20260413131110.0
008 160627b xxu||||| |||| 00| 0 eng d
020 _a0-14-028465-6
041 _aeng
082 _a823.912
100 _aWod house, P.G.
_92870
245 _aSunset at Blandings
260 _bPenguin India
300 _a151
650 _aEnglish fiction
_98925
942 _cBK
999 _c4159
_d4158